| 000 | 00702nam a2200241 a 4500 | ||
|---|---|---|---|
| 001 | 54002 | ||
| 003 | BD-RjUL | ||
| 005 | 20211209080046.0 | ||
| 008 | 161031s2004 caua 001 0 eng c | ||
| 020 | _a0534926126 | ||
| 020 | _a9812548912 | ||
| 035 | _a(BD-RjUL)54124 | ||
| 040 |
_aCGU _cCGU _dBD-RjUL _beng |
||
| 041 | _aeng | ||
| 082 |
_223 _a515 _bFIA 2004 |
||
| 100 | 1 |
_aFitzpatrick, Patrick, _d1946- _9161261 |
|
| 245 | 1 | 0 |
_aAdvanced calculus : _ba course in mathematical analysis / _cPatrick M. Fitzpatrick. |
| 260 |
_aCanada : _bThomson, _cc1996 [Reprin 2004] . |
||
| 300 |
_aVarious pages : _bill. ; _c24 cm. |
||
| 500 | _aIncludes index. | ||
| 650 | 0 |
_aCalculus. _9161262 |
|
| 942 |
_2ddc _cBK |
||
| 999 |
_c54002 _d54002 |
||